000 00312nam a22001337a 4500
008 260323b |||||||| |||| 00| 0 eng d
020 _a9788196147082
040 _a02
100 _aPEESAPATI,V.
245 _aPRACTICAL ORGANIC CHEMISTRY
260 _aHYDERABAD
_bPHARMAMED
_c2025
300 _a141
942 _c01
999 _c67419
_d67419